000 00312nam a2200133 i 4500
001 bg
100 1 _aLADOUSSE, Gillian P.
245 0 _aReading :
_bintermediate /
_cGillian P. Ladousse.
260 _aOxford,
_c1990.
040 _cBPK
041 _apol
942 _cKS
008 s pl f |000 0 pol
999 _c4502
_d4502
856 _uhttp://koha.tu.koszalin.pl/cgi-bin/koha/opac-detail.pl?biblionumber=4502
_yKatalog online BPK